Los pazos de Ulloa
Uloženo v:
| Hlavní autor: | |
|---|---|
| Médium: | Kniha |
| Jazyk: | španělština |
| Vydáno: |
Ciudad de México
Porrua
1974
|
| Edice: | Sepan cuántos, 266
|
| Témata: | |
| Tagy: |
Přidat tag
Žádné tagy, Buďte první, kdo vytvoří štítek k tomuto záznamu!
|
MARC
| LEADER | 00000nam a2200000 a 4500 | ||
|---|---|---|---|
| 001 | UCY2329 | ||
| 003 | CL-VaPUC | ||
| 008 | 941020e19740000MX |||||||||||||||||spa|d | ||
| 082 | 0 | 4 | |a 863 |b PAR |2 21 |
| 100 | |a Pardo Bazán, Emilia |e autora |9 319277 | ||
| 245 | 1 | 4 | |a Los pazos de Ulloa |
| 300 | |a 204 p | ||
| 942 | |c BK | ||
| 945 | |d 19941020 00:00:00 |a oaravena | ||
| 260 | |a Ciudad de México |b Porrua |c 1974 | ||
| 650 | 0 | |a Novelas españolas |9 265052 | |
| 583 | |a last modification |c 19941020 00:00:00 |k Rodrigo Vera | ||
| 490 | 0 | |a Sepan cuántos, 266 | |
| 999 | |c 230769 |d 230767 | ||
| 952 | |0 0 |1 0 |4 0 |6 863_000000000000000_PAR_1974 |7 0 |8 P |9 233293 |a BIBARQ |b BIBARQ |d 2019-11-15 |i 3027627 |o 863 PAR 1974 |p 3027627 |r 2025-01-20 |w 2019-11-15 |y BK |k ARQ | ||
| 952 | |0 0 |1 0 |4 0 |6 863_000000000000000_PAR_1974 |7 0 |8 P |9 233294 |a BIBEDU |b BIBEDU |c BIBEDU_PB |d 2019-11-15 |i 1937170 |o 863 PAR 1974 |p 1937170 |r 2024-01-25 |w 2019-11-15 |y BK |k LIT | ||
| 952 | |0 0 |1 0 |4 0 |6 863_000000000000000_PAR_1974 |7 0 |8 P |9 233295 |a BIBEDU |b BIBEDU |c BIBEDU_PB |d 2019-11-15 |i 1937227 |o 863 PAR 1974 |p 1937227 |r 2024-01-25 |w 2019-11-15 |y BK |k LIT | ||
| 952 | |0 0 |1 0 |4 0 |6 863_000000000000000_PAR_1974 |7 0 |8 P |9 233296 |a BIBEDU |b BIBEDU |c BIBEDU_PB |d 2019-11-15 |i 1937278 |o 863 PAR 1974 |p 1937278 |r 2024-01-25 |w 2019-11-15 |y BK |k LIT | ||